[Event "Washington Class Championships"]
[Site "Lynnwood, WA"]
[Date "2016.11.26"]
[Round "4"]
[White "Casey Braxton  (WA)"]
[Black "Anthony Ralph  (WA)"]
[Result "1/2-1/2"]
[WhiteElo "1698"]
[BlackElo "1602"]
[Annotator ""]
[Source ""]
[Remark "Class B"]

1.c4 c5 2.Nc3 Nc6 3.Nf3 g6 4.d4 cxd4 5.Nxd4 Bg7 6.Nc2 d6 7.e4
Nf6 8.Be2 O-O 9.O-O Be6 10.Be3 Rc8 11.Rc1 Nd7 12.Qd2 f5 13.Bh6
fxe4 14.Bxg7 Kxg7 15.Nxe4 Nf6 16.Ng5 Bf5 17.Ne3 Qd7 18.Nxf5+
gxf5 19.c5 h6 20.Nh3 Ne4 21.Qe3 Nxc5 22.Nf4 e5 23.Qg3+ Kh8 24.Ng6+
Kh7 25.Nxf8+ Rxf8 26.Rfd1 Rg8 27.Qh3 Nd4 28.Bc4 d5 29.Bf1 Ne4
30.Rxd4 exd4 31.Rd1 Ng5 32.Qd3 Qe6 33.g3 ( 33.h4 $16 ) h5 34.Bg2
Rc8 1/2-1/2

[Event "Washington Class Championships"]
[Site "Lynnwood, WA"]
[Date "2016.11.26"]
[Round "4"]
[White "Feng Roland  (WA)"]
[Black "He Samuel  (WA)"]
[Result "1-0"]
[WhiteElo "2438"]
[BlackElo "2259"]
[Annotator ""]
[Source ""]
[Remark "Master"]

1.d4 g6 2.c4 f5 3.Nf3 Nf6 4.Nc3 Bg7 5.g3 O-O 6.Bg2 d6 7.O-O c6
8.b3 a5 9.Qc2 Na6 10.a3 Qe8 11.Bb2 e5 12.dxe5 dxe5 13.Na4 Nd7
14.c5 Qe7 15.Rac1 e4 16.Nd4 Nc7 17.b4 axb4 18.axb4 Kh8 19.Rfd1
Nd5 20.b5 Ne5 21.bxc6 bxc6 22.Nb6 Nxb6 23.cxb6 Bb7 24.f4 exf3
25.exf3 Ra2 26.Qb3 Rxb2 27.Qxb2 c5 28.Qa3 Qf6 29.Qxc5 Rc8 30.Qxc8+
Bxc8 31.Rxc8+ Bf8 32.b7 Nd7 33.Nc6 Qe6 34.Rxf8+ 1-0

[Event "Washington Class Championships"]
[Site "Lynnwood, WA"]
[Date "2016.11.26"]
[Round "3"]
[White "Elisara Travis  (WA)"]
[Black "Huang Ronen  (WA)"]
[Result "1/2-1/2"]
[WhiteElo "1669"]
[BlackElo "1682"]
[Annotator ""]
[Source ""]
[Remark "Class B"]

1.e4 Nf6 2.e5 Nd5 3.d4 d6 4.c4 Nb6 5.Nf3 g6 6.Be2 Bg7 7.O-O O-O
8.Bf4 Nc6 9.h3 Bf5 10.Nc3 Nd7 11.g4 dxe5 12.dxe5 Be6 13.Qb3 Qc8
14.Bg5 Ndxe5 15.Rad1 h6 16.Nxe5 Nxe5 17.Bxe7 Re8 18.Bh4 h5 19.Nd5
Bxd5 20.Rxd5 hxg4 21.Rxe5 Rxe5 22.Bxg4 Qe8 23.Qxb7 Qb8 24.Qc6
Re8 25.b3 Qb6 26.Bd7 Reb8 27.Bg3 Rb7 28.c5 Qb4 29.Bxc7 Rf8 30.Bd6
Rd8 31.Bg4 Bf8 32.Bc8 Bxd6 33.Qxb7 Qxc5 34.Bg4 Qe5 35.Qg2 Qb2
36.f4 Bc5+ 37.Kh1 Rd2 38.Qg3 Bf2 39.Qf3 Be3 40.Qg3 Bf2 41.Qf3
Be3 42.Qg3 Bf2 1/2-1/2

[Event "Washington Class Championships"]
[Site "Lynnwood, WA"]
[Date "2016.11.26"]
[Round "4"]
[White "Peng Christopher  (WA)"]
[Black "Jain Eva  (WA)"]
[Result "1-0"]
[WhiteElo "693"]
[BlackElo "895"]
[Annotator ""]
[Source ""]
[Remark "Class E"]

1.e4 e5 2.Nf3 Nc6 3.Bc4 Nf6 4.Nc3 Bc5 5.d3 h6 6.Be3 Bb6 7.O-O
d6 8.d4 Bg4 9.h3 Bh5 10.dxe5 Nxe5 11.Be2 Ba5 12.Nxe5 dxe5 13.Bxh5
Qxd1 14.Bxd1 Bxc3 15.bxc3 Nxe4 16.c4 O-O-O 17.Bg4+ Kb8 18.Rad1
Nc3 19.Rxd8+ Rxd8 20.a3 Na4 21.Rd1 Rxd1+ 22.Bxd1 Kc8 23.Kf1 Kd7
24.Ke2 Kc6 25.Kd3 f6 26.c3 g5 27.g3 f5 28.f4 exf4 29.gxf4 gxf4
30.Bxf4 h5 31.Bxh5 b5 32.cxb5+ Kxb5 33.Bg6 a5 34.h4 Nb6 35.Kc2
a4 36.h5 c5 37.h6 c4 38.h7 Kc6 39.h8Q Kd7 40.Qe5 Kc6 41.Qd6+
Kb5 42.Be8+ Ka5 43.Qb8 Ka6 44.Be3 Ka5 45.Qxb6# 1-0

[Event "Washington Class Championships"]
[Site "Lynnwood, WA"]
[Date "2016.11.26"]
[Round "4"]
[White "Petrov Oscar  (WA)"]
[Black "Sloan Carl  (WA)"]
[Result "1-0"]
[WhiteElo "1683"]
[BlackElo "1894"]
[Annotator ""]
[Source ""]
[Remark "Class A"]

1.e4 e6 2.d4 d5 3.exd5 exd5 4.Bd3 Bd6 5.c3 Ne7 6.Ne2 Bf5 7.Bf4
Bxd3 8.Qxd3 Ng6 9.Bxd6 Qxd6 10.Nd2 O-O 11.O-O-O Qa6 12.Qxa6 Nxa6
13.Rhe1 c5 14.dxc5 Nxc5 15.Nf3 Ne4 16.Rxd5 Nxf2 17.Rd7 Rfd8 18.Rxd8+
Rxd8 19.Kc2 h6 20.h3 Re8 21.Ng3 Rxe1 22.Nxe1 Nf4 23.Kd2 g5 24.Ke3
Nd1+ 25.Ke4 Nxb2 26.Nf5 Kh7 27.Nd6 Kg6 28.Nxb7 f5+ 29.Ke3 Nc4+
30.Kd4 Nd2 31.c4 Ne4 32.c5 Kf6 33.a4 Ke6 34.c6 Nf6 35.Kc5 N6d5
36.Nd6 Nc7 37.Nc8 h5 38.Nxa7 h4 39.Nf3 Nxh3 40.gxh3 g4 41.hxg4
fxg4 42.Nxh4 g3 43.Nb5 Nd5 44.c7 Nxc7 45.Nxc7+ Kd7 46.Kb6 1-0

[Event "Washington Class Championships"]
[Site "Lynnwood, WA"]
[Date "2016.11.26"]
[Round "4"]
[White "Velea Sophie  (WA)"]
[Black "Varner Murlin  (WA)"]
[Result "1/2-1/2"]
[WhiteElo "1370"]
[BlackElo "1545"]
[Annotator ""]
[Source ""]
[Remark "Class C"]

1.e4 e5 2.Nf3 Nc6 3.Nc3 Bc5 4.Nxe5 Bxf2+ 5.Kxf2 Nxe5 6.d4 Ng6
7.Be2 d6 8.Rf1 N8e7 9.Kg1 O-O 10.Bc4 c6 11.Qf3 Be6 12.Bb3 Bxb3
13.axb3 a6 14.Be3 f5 15.Qe2 Qd7 16.Bg5 f4 17.Bxe7 Qxe7 18.Rf3
Qg5 19.Qf2 Qf6 20.Rf1 Qe7 21.Rh3 Rf7 22.Qe2 f3 23.Rhxf3 Rxf3
24.Rxf3 Nh4 25.Rh3 Rf8 26.Qh5 Qf6 27.Qe2 Qxd4+ 28.Qe3 Qf6 29.Qe1
Ng6 30.Rf3 Qd4+ 31.Qe3 Qxe3+ 32.Rxe3 Ne5 33.Re1 Ng4 34.Re2 Rf6
35.h3 Ne5 36.Rf2 Kf7 37.Rxf6+ Kxf6 38.Kf2 g5 39.Kg3 h5 40.Kf2
g4 41.Kg3 gxh3 42.gxh3 Ng6 43.Ne2 Kg5 44.b4 h4+ 45.Kf3 Ne5+ 46.Kf2
Nc4 47.b3 Nd2 48.Ke3 Nf1+ 49.Kf2 Nd2 50.Ke3 Nf1+ 51.Kf2 Nd2 1/2-1/2

[Event "Washington Class Championships"]
[Site "Lynnwood, WA"]
[Date "2016.11.26"]
[Round "4"]
[White "Edwards Gary  (WA)"]
[Black "Caluza Severo  (CAN)"]
[Result "1-0"]
[WhiteElo "1800"]
[BlackElo "1935"]
[Annotator ""]
[Source ""]
[Remark "Class A"]

1.e4 c6 2.d4 d5 3.e5 c5 4.Bb5+ Bd7 5.Bxd7+ Nxd7 6.Nf3 e6 7.O-O
cxd4 8.Qxd4 Qc7 9.Nc3 a6 10.Bf4 Ne7 11.Rad1 Nc6 12.Qd2 Bb4 13.a3
Be7 14.Nxd5 exd5 15.e6 Nde5 16.exf7+ Kf8 17.Nxe5 Nxe5 18.Qxd5
Bf6 19.Rfe1 Rd8 20.Bxe5 Rxd5 21.Bxc7 Rxd1 22.Rxd1 Kxf7 23.f3
Re8 24.Kf1 Re6 25.Rd6 Rxd6 26.Bxd6 Ke6 27.Bb4 Kd5 28.b3 b6 29.Ke2
a5 30.c4+ Kd4 31.Bd2 a4 32.Be3+ Kc3 33.bxa4 Bd4 34.Bxd4+ Kxd4
35.Kd2 Kxc4 36.Kc2 h5 37.h4 Kd4 38.Kb3 Kc5 39.Kc3 g6 40.Kb3 Kd4
41.Kb4 Kd3 42.Kb5 Ke2 43.Kxb6 Kf2 44.a5 Kxg2 45.a6 Kg3 46.a7
Kxh4 47.a8Q 1-0

[Event "Washington Class Championships"]
[Site "Lynnwood, WA"]
[Date "2016.11.26"]
[Round "1"]
[White "Airapetian Chouchanik (WA)"]
[Black "Xing Kerry  (WA)"]
[Result "1/2-1/2"]
[WhiteElo "2040"]
[BlackElo "2154"]
[Annotator ""]
[Source ""]
[Remark "Expert -- 2 Day"]

1.e4 e6 2.d4 d5 3.Nc3 Bb4 4.e5 c5 5.a3 Bxc3+ 6.bxc3 Ne7 7.Qg4
Qc7 8.Qxg7 Rg8 9.Qxh7 cxd4 10.Ne2 Nbc6 11.f4 dxc3 12.Qd3 Nf5
13.h4 d4 14.Rh3 b6 15.h5 Bb7 16.h6 O-O-O 17.h7 Rh8 18.g4 Nfe7
19.Ng3 Ng6 20.Bg2 Ncxe5 21.Bxb7+ Qxb7 22.fxe5 Qg2 23.Ne2 Nxe5
24.Qa6+ Kb8 25.Bf4 Qxh3 26.Bxe5+ Ka8 27.Bxh8 Qh4+ 28.Kf1 Qh3+
29.Kf2 Qe3+ 30.Ke1 Rxh8 31.Rd1 e5 32.Qc4 Qf3 33.Qd3 Qxg4 34.Ng3
Kb8 35.Kf2 f5 36.Rh1 e4 37.Qe2 Qf4+ 38.Kg2 d3 39.cxd3 c2 40.dxe4
c1Q 41.Rxc1 Qxc1 42.exf5 Qc6+ 43.Kg1 Rxh7 44.Qg4 Qc1+ 45.Kg2
Qc2+ 46.Kg1 Qc1+ 47.Kg2 Qd2+ 48.Kg1 Rc7 49.f6 Rc1+ 50.Nf1 Qe3+
51.Kg2 Rc2+ 52.Kh1 Qf2 53.Qg8+ Kb7 54.Qh7+ Ka6 55.Qd3+ 1/2-1/2

[Event "Washington Class Championships"]
[Site "Lynnwood, WA"]
[Date "2016.11.26"]
[Round "4"]
[White "Doknjas Neil  (CAN)"]
[Black "Bishop Alan  (WA)"]
[Result "0-1"]
[WhiteElo "1960"]
[BlackElo "2000"]
[Annotator ""]
[Source ""]
[Remark "Expert"]

1.e4 g6 2.d4 Bg7 3.Nf3 d6 4.Nc3 Nf6 5.Be3 c6 6.Qd2 b5 7.Bd3 Nbd7
8.O-O a6 9.Rfe1 O-O 10.Bh6 e5 11.Bxg7 Kxg7 12.d5 cxd5 13.Nxd5
Nxd5 14.exd5 Nc5 15.Qc3 Nxd3 16.cxd3 Bb7 17.d4 f6 18.dxe5 dxe5
19.Rad1 Qd6 20.Nd2 Bxd5 21.Ne4 Qc6 22.Qxc6 Bxc6 23.Nc5 Rfc8 24.Rd6
Kf7 25.Rc1 Ke7 26.Re6+ Kf7 27.Rd6 Be8 28.b4 Rc6 29.Rcd1 Rxd6
30.Rxd6 a5 31.Ne4 axb4 32.Rd2 Ke6 33.Rd6+ Ke7 34.Rd2 b3 35.a3
Rxa3 36.Kf1 Ra2 37.Ke2 Bf7 38.Nc3 Rc2 39.Rxc2 bxc2 40.Kd2 b4
41.Ne2 Bc4 42.Ng3 Bd3 43.f3 b3 44.Kc1 f5 45.Nh1 e4 46.Nf2 Kd6
47.g4 Kc5 48.gxf5 gxf5 49.fxe4 fxe4 50.Kb2 Kd4 51.h4 Ke3 52.Nxe4
Bxe4 53.Kc1 Kd3 0-1

[Event "Washington Class Championships"]
[Site "Lynnwood, WA"]
[Date "2016.11.26"]
[Round "2"]
[White "Xing Kerry  (WA)"]
[Black "Jiang Brandon  (WA)"]
[Result "1-0"]
[WhiteElo "2154"]
[BlackElo "1455"]
[Annotator ""]
[Source ""]
[Remark "Expert -- 2 Day"]

1.d4 d5 2.c4 e6 3.Nc3 Nf6 4.cxd5 exd5 5.Bg5 Be7 6.e3 Nbd7 7.Bd3
O-O 8.Qc2 Re8 9.Nge2 Nf8 10.O-O-O c5 11.dxc5 Be6 12.Nf4 h6 13.Bxf6
Bxf6 14.Nfxd5 Bxd5 15.Nxd5 Rc8 16.Bf5 Rb8 17.f4 g6 18.Bg4 Bg7
19.e4 Ne6 20.e5 Qa5 21.Kb1 Rbc8 22.Bxe6 Rxe6 23.Rc1 Qd8 24.Rhd1
Qe8 25.h4 b6 26.c6 Rexc6 27.Qxc6 Rxc6 28.Rxc6 Kh7 29.Rc7 Qa4
30.Rc2 h5 31.g3 Qe4 32.Kc1 Qf3 33.Rc3 Qe4 34.Rcd3 Qc4+ 35.Kb1
Qc5 36.Nc3 Qf2 37.Ne4 Qg2 38.Ng5+ Kh6 39.Nxf7+ Kh7 40.Ng5+ Kh6
41.Ne6 Bh8 42.Rd8 Qe4+ 43.Ka1 Bxe5 44.fxe5 Qxe5 45.Ng5 Qxg3 46.Rh8+
Kg7 47.Rh7+ Kf6 48.Ne4+ Kf5 49.Nxg3+ Kg4 50.Nxh5 gxh5 51.Rg7+
Kxh4 52.Rh1# 1-0

[Event "Washington Class Championships"]
[Site "Lynnwood, WA"]
[Date "2016.11.25"]
[Round "2"]
[White "Zavortnik Matt  (OR)"]
[Black "Sinanan Joshua  (WA)"]
[Result "1-0"]
[WhiteElo "2132"]
[BlackElo "2241"]
[Annotator ""]
[Source ""]
[Remark "Master"]

1.d4 Nf6 2.Bf4 d5 3.e3 c5 4.c3 Nc6 5.Nd2 Bf5 6.Qb3 Qc8 7.Ngf3
c4 8.Qd1 e6 9.Be2 h6 10.Ne5 Nxe5 11.Bxe5 Nd7 12.Bg3 Bh7 13.O-O
Be7 14.Bf3 O-O 15.e4 Nb6 16.Re1 Re8 17.b3 Qd7 18.bxc4 dxc4 19.a4
a5 20.Qc2 Rec8 21.Reb1 Ra6 22.Rb5 Bd8 23.Rab1 Bg6 24.Qa2 Kh7
25.Be2 f5 26.Nxc4 Nxc4 27.Bxc4 Rac6 28.Rxb7 Qe8 29.Be5 Bf7 30.Bd3
Rxc3 31.Qd2 f4 32.Bb5 Qf8 33.Qxf4 Kg8 34.h4 1-0

[Event "Washington Class Championships"]
[Site "Lynnwood, WA"]
[Date "2016.11.26"]
[Round "4"]
[White "Christy John  (WA)"]
[Black "Levine Joseph  (WA)"]
[Result "1-0"]
[WhiteElo "1451"]
[BlackElo "1487"]
[Annotator ""]
[Source ""]
[Remark "Class C"]

1.Nf3 Nf6 2.d4 d5 3.e3 c5 4.c3 Bf5 5.Nh4 Bg6 6.Be2 e6 7.O-O Nc6
8.Nd2 Bd6 9.a3 Qc7 10.g3 cxd4 11.exd4 a6 12.b4 O-O 13.Nxg6 hxg6
14.Nf3 Ne4 15.Bd2 f5 16.Ng5 Nxd2 17.Qxd2 Rae8 18.f4 Qb6 19.Kh1
Qc7 20.Rac1 b5 21.Nf3 Qb7 22.Qd3 Na7 23.Ne5 Bxe5 24.fxe5 Nc8
25.Kg1 Nb6 26.Qe3 Rc8 27.Qg5 Qf7 28.h4 Rc7 29.h5 gxh5 30.Bxh5
Qe7 31.Qg6 Na4 32.Rf3 Rfc8 33.g4 Rxc3 34.Rcxc3 Rxc3 35.gxf5 Rxf3
36.Bxf3 Qh4 37.Qxe6+ Kh7 38.Qg6+ Kh8 39.Qe8+ Kh7 40.Qh5+ Qxh5
41.Bxh5 Kh6 42.e6 a5 43.e7 axb4 44.e8Q Kg5 45.Qg6+ Kf4 46.Qg4+
Ke3 47.axb4 Nc3 48.Qxg7 Ne4 49.Qe5 Kd3 50.f6 Kc2 51.f7 Kc1 52.f8Q
Kd2 53.Qh6+ Kc3 54.Qe3+ Kb2 55.Q3xe4 Kc3 56.Q4xd5 Kd3 57.Qb3+
Kd2 58.Qh2+ Kc1 59.Qhc2# 1-0

[Event "Washington Class Championships"]
[Site "Lynnwood, WA"]
[Date "2016.11.26"]
[Round "4"]
[White "Haining Breck  (WA)"]
[Black "Ewig Sarah  (WA)"]
[Result "1-0"]
[WhiteElo "1300"]
[BlackElo "1136"]
[Annotator ""]
[Source ""]
[Remark "Class D"]

1.e4 c5 2.Nf3 d6 3.b3 Nf6 4.Nc3 Nc6 5.Bb2 e6 6.Be2 Be7 7.O-O
O-O 8.d4 cxd4 9.Nxd4 Qd7 10.Nf3 a6 11.Na4 b5 12.Nb6 Qa7 13.Nxa8
Nxe4 14.Bd3 Nf6 15.Nd4 Nxd4 16.Bxd4 Qxa8 17.h3 Qc6 18.Qe2 Nd5
19.Qf3 Qc7 20.c4 bxc4 21.Bxc4 Nf6 22.Rac1 Qd7 23.Qd3 Bb7 24.Bxa6
Ba8 25.Bb5 Qd8 26.Bc6 Nh5 27.Qf3 Nf6 28.Bxa8 Qxa8 29.Qxa8 Rxa8
30.Bxf6 Bxf6 31.Rc2 h6 32.Rd1 d5 33.Kf1 Kf8 34.f4 Ke7 35.Ke2
Kd6 36.g3 e5 37.fxe5+ Bxe5 38.Kf3 Bf6 39.b4 Bg5 40.b5 Ke5 41.Re2+
Kd6 42.Rc2 Ke5 43.b6 Rb8 44.Rb1 d4 45.b7 Bd8 46.Rc8 Bc7 47.Rxc7
Kd6 48.Rc8 Rxb7 49.Rxb7 Ke6 50.Ke4 Kf6 51.Rcc7 1-0

[Event "Washington Class Championships"]
[Site "Lynnwood, WA"]
[Date "2016.11.26"]
[Round "4"]
[White "Jiang Brandon  (WA)"]
[Black "Elisara Travis  (WA)"]
[Result "0-1"]
[WhiteElo "1455"]
[BlackElo "1669"]
[Annotator ""]
[Source ""]
[Remark "Class B"]

1.e4 c5 2.Nc3 g6 3.f4 Bg7 4.Nf3 Nc6 5.Bb5 e6 6.Bxc6 bxc6 7.O-O
Ne7 8.d3 d5 9.Qe1 O-O 10.Qh4 Re8 11.f5 exf5 12.Bh6 Bh8 13.Bg5
Qc7 14.e5 Rb8 15.Bf6 h5 16.Bxh8 Kxh8 17.Qf6+ Kg8 18.Qg5
( 18.Ng5 ) Kh7 19.Qf6 Rf8 20.Ng5+ Kg8 21.Ne2 d4 22.Nf3 Nd5 23.Qg5
Kh7 24.Ng3 Qe7 25.Qxe7 Nxe7 26.Rab1 Nd5 27.Rfe1 Ne3 28.Re2 Be6
29.b3 Bd5 30.c4 Bxf3 31.gxf3 h4 32.Nf1 f4 33.Nd2 Rfe8 34.Ne4
Rxe5 35.Kf2 Kg7 36.h3 Nf5 ( 36...f5 ) 37.Rbe1 Ng3 38.Nxg3 fxg3+
39.Kg2 Rxe2+ 40.Rxe2 Kf6 41.Re4 g5 42.f4 Rb6 43.fxg5+ Kxg5 44.Re5+
f5 45.Rxc5 Kf4 46.Ra5 a6 47.c5 Rb5 48.Rxa6 Rxc5 49.b4 Rc2+ 50.Kf1
Kf3 51.Ke1 g2 52.a4 Rc3 ( 52...g1Q# ) 53.Rxc6 g1Q+ 54.Kd2 Qc1# 0-1

[Event "Washington Class Championships"]
[Site "Lynnwood, WA"]
[Date "2016.11.26"]
[Round "4"]
[White "Norovsambuu Badamkhand  (WA)"]
[Black "He Daniel  (WA)"]
[Result "1/2-1/2"]
[WhiteElo "2082"]
[BlackElo "2302"]
[Annotator ""]
[Source ""]
[Remark "Master"]

1.d4 Nf6 2.c4 c5 3.dxc5 e5 4.Nc3 Bxc5 5.e3 O-O 6.Bd3 Nc6 7.a3
a5 8.Nge2 Ne7 9.Ne4 Nxe4 10.Bxe4 d6 11.Nc3 f5 12.Bd5+ Kh8 13.O-O
Rf6 14.Rb1 Rh6 15.b4 axb4 16.axb4 Bb6 17.Bb2 f4 18.Qf3 Ng6 19.exf4
Nxf4 20.Bc1 Rf6 21.Bxf4 Rxf4 22.Qd3 Ra3 23.Qd2 Bf5 24.Rbc1 Qa8
25.Ne2 Rd3 26.Qb2 Rh4 27.Ng3 Bg6 28.Ra1 Qc8 29.Ra3 Bd4 30.Qa2
Rxa3 31.Qxa3 h5 32.Ne2 Bb6 33.Rc1 Be4 34.Bxe4 Rxe4 35.Qf3 Qg4
36.Qxg4 Rxg4 37.Kf1 Kg8 38.f3 Rg6 39.Ng3 h4 40.Nf5 Kf7 41.Rd1
Bc7 42.Nxh4 Rf6 43.g4 Ke6 44.Rd3 Rf8 45.Nf5 g6 46.Ng3 Ra8 47.Ne4
Ra2 48.Rd2 Ra4 49.Rb2 Ra1+ 50.Ke2 Rh1 51.Kd3 Rf1 52.Rf2 Rb1 53.Kc3
Bb6 54.c5 1/2-1/2

[Event "Washington Class Championships"]
[Site "Lynnwood, WA"]
[Date "2016.11.26"]
[Round "4"]
[White "Wilke Daniel  (WA)"]
[Black "Patton Lorenzo  (WA)"]
[Result "1-0"]
[WhiteElo "1378"]
[BlackElo "1114"]
[Annotator ""]
[Source ""]
[Remark "Class D"]

1.e4 e5 2.Nf3 Nc6 3.Bb5 a6 4.Bxc6 dxc6 5.d3 Bg4 6.Nbd2 Qf6 7.h3
Bd7 8.b3 Bb4 9.Bb2 Bd6 10.Nc4 Qg6 11.g4 Qh6 12.Nfxe5 Nf6 13.Nxd7
Kxd7 14.e5 Bb4+ 15.c3 Bc5 16.d4 Qf4 17.dxc5+ Nd5 18.Qd4 Qf3 19.Kd2
Rad8 20.e6+ Kc8 21.Ne5 Qf6 22.Kc2 Qxe6 23.Rhe1 Nf6 24.Qf4 Qd5
25.Rad1 Qxc5 26.Qf5+ Nd7 27.Rxd7 Rxd7 28.Qxd7+ Kb8 29.Qxf7 Ka7
30.Nd3 Rf8 31.Nxc5 Rxf7 32.Nd3 Rf3 33.Re3 Rf7 34.c4 c5 35.f3
b6 36.Ne5 Rf6 37.g5 Rf5 38.f4 Rxf4 39.Nd3 Rf5 40.h4 Rf7 41.Be5
g6 42.Nf4 Kb7 43.Bf6 Rd7 44.Re7 Rxe7 45.Bxe7 b5 46.Bxc5 bxc4
47.bxc4 Kc6 48.Nd3 Kd7 49.Kc3 Ke6 50.Bf2 Kf5 51.Kb4 Ke4 52.Nc5+
Kf3 53.Be1 Ke2 54.Bg3 Kf3 55.Bxc7 Kg4 56.Nxa6 Kxh4 57.Bf4 Kg4
58.Bc1 Kf5 59.c5 1-0

[Event "Washington Class Championships"]
[Site "Lynnwood, WA"]
[Date "2016.11.26"]
[Round "4"]
[White "Pupols Viktors  (WA)"]
[Black "Brusniak Benjamin  (WA)"]
[Result "1/2-1/2"]
[WhiteElo "2200"]
[BlackElo "2011"]
[Annotator ""]
[Source ""]
[Remark "Master"]

1.d4 d5 2.Nf3 Nf6 3.e3 c6 4.Bd3 Bg4 5.c3 Nbd7 6.Nbd2 e5 7.dxe5
Nxe5 8.Be2 Nxf3+ 9.Bxf3 Bxf3 10.Qxf3 Bd6 11.O-O O-O 12.e4 dxe4
13.Nxe4 Nxe4 14.Qxe4 Qc7 15.h3 Rfe8 16.Qf3 Bc5 17.Bf4 Qb6 18.b4
Be7 19.Be3 Qc7 20.a3 Bf6 21.Bf4 Qe7 22.Rad1 Rad8 23.c4 h6 24.c5
Rxd1 25.Rxd1 Qe4 26.Qxe4 Rxe4 27.Be3 Kf8 28.Kf1 Ke7 29.Ke2 Rc4
30.Rd3 a6 31.Rb3 Rc2+ 32.Kd3 Rb2 33.Rxb2 Bxb2 34.a4 Be5 35.Kc4
Ke6 36.b5 cxb5+ 37.axb5 axb5+ 38.Kxb5 Bc7 39.c6 bxc6+ 40.Kxc6
Be5 41.Kc5 Bd6+ 42.Kc4 h5 43.Kd3 Kf5 44.Ke2 g6 45.Kf3 Ke6 46.g4
f5 47.gxh5 gxh5 48.Bf4 Be7 49.Bc7 Kf7 50.Bb8 Kg6 51.Bf4 Bc5 52.Bc7
Ba7 53.Bd6 Bb6 54.Be7 Ba7 1/2-1/2

[Event "Washington Class Championships"]
[Site "Lynnwood, WA"]
[Date "2016.11.26"]
[Round "4"]
[White "Lumala Tendo  (WA)"]
[Black "Zhang Kyle  (WA)"]
[Result "1-0"]
[WhiteElo "1416"]
[BlackElo "1337"]
[Annotator ""]
[Source ""]
[Remark "Class C"]

1.e4 e5 2.Nf3 Nc6 3.Nc3 Nf6 4.Bb5 Bb4 5.O-O O-O 6.d3 d6 7.Bg5
Ne7 8.Nh4 c6 9.Ba4 d5 10.exd5 cxd5 11.Nf3 Ng6 12.Bb3 Qd6 13.Bxf6
gxf6 14.Nxd5 Ba5 15.Ne3 Kh8 16.Nc4 Qc7 17.Nxa5 Qxa5 18.Kh1 Qc7
19.Rg1 Rg8 20.Qd2 Be6 21.Qc3 Qe7 22.Qd2 Rg7 23.Bxe6 Qxe6 24.Qe3
a6 25.c3 Rgg8 26.b3 Rgc8 27.c4 Rd8 28.Rgd1 Rg8 29.Rg1 Rgd8 30.Rad1
Rd7 31.Rd2 Rad8 32.Rgd1 Rg8 33.d4 Rgd8 34.d5 Qe7 35.Qb6 Rd6 36.Qc5
Nf8 37.Nh4 Qd7 38.h3 b6 39.Qe3 Ng6 40.Qe4 Qe8 41.Nf5 R6d7 42.g4
Ne7 43.Nxe7 Qxe7 44.Qe3 Qd6 45.f3 Rg8 46.Rg1 Rdd8 47.Rf2 Rg7
48.f4 Rdg8 49.fxe5 fxe5 50.Rf5 f6 51.Qf3 Rf8 52.Rf1 Rgf7 53.g5
Kg7 54.gxf6+ Rxf6 55.Rxf6 Rxf6 56.Qxf6+ Qxf6 57.Rxf6 Kxf6 58.Kg2
Ke7 59.Kf3 Kd6 60.Ke4 h5 61.h4 a5 62.a3 a4 63.b4 1-0

[Event "Washington Class Championships"]
[Site "Lynnwood, WA"]
[Date "2016.11.26"]
[Round "4"]
[White "Peng Brandon  (WA)"]
[Black "Piper August  (WA)"]
[Result "1-0"]
[WhiteElo "1457"]
[BlackElo "1529"]
[Annotator ""]
[Source ""]
[Remark "Class C"]

1.d4 d5 2.c4 dxc4 3.Nc3 a6 4.a4 Nc6 5.e3 Nf6 6.Bxc4 e6 7.Nf3
Bb4 8.O-O O-O 9.Qc2 Na5 10.Bd3 c5 11.Ne4 cxd4 12.Nxd4 Bd7 13.Nxf6+
Qxf6 14.Bd2 Rac8 15.Bxb4 Rxc2 16.Bxc2 Rc8 17.Bxa5 e5 18.Bc3 exd4
19.Bxd4 Qg5 20.f4 Qd5 21.Bd3 Bf5 22.Bxf5 Qxf5 23.Rac1 f6 24.h3
Rxc1 25.Rxc1 Kf8 26.Rc7 b5 27.axb5 axb5 28.Rc5 Qd7 29.Rc1 Kf7
30.Ra1 Kg6 31.Kh2 h5 32.Kg3 Qf5 33.Ra6 Qb1 34.Kh4 Kh6 35.g3 Qe4
36.g4 hxg4 37.hxg4 Qh1+ 38.Kg3 Qg1+ 39.Kf3 Qf1+ 40.Ke4 Qg2+ 41.Kd3
Qxg4 42.Rb6 Qd1+ 43.Kc3 Qc1+ 44.Kd3 Qd1+ 45.Ke4 Qc2+ 46.Kd5 Qc4+
47.Kd6 Kg6 48.Rc6 Qb4+ 49.Kc7 Kf7 50.Kb6 Qa4 51.Rc7+ Kg6 52.Ra7
Qb4 53.Ra5 Qd6+ 54.Kxb5 Qd5+ 55.Kb6 Qd6+ 56.Kb5 Qd7+ 57.Kb4 Qd6+
58.Rc5 Qb8+ 59.Kc3 Qb7 60.b4 Qh1 61.b5 Qe1+ 62.Kc4 Qe2+ 63.Kd5
Qa2+ 64.Kd6 Qa6+ 65.bxa6 1-0

[Event "Washington Class Championships"]
[Site "Lynnwood, WA"]
[Date "2016.11.26"]
[Round "4"]
[White "Xiao Alison  (WA)"]
[Black "Szeto Sophie  (WA)"]
[Result "1-0"]
[WhiteElo "1296"]
[BlackElo "1376"]
[Annotator ""]
[Source ""]
[Remark "Class C"]

1.e4 c5 2.Nf3 d6 3.d4 cxd4 4.Nxd4 Nf6 5.Nc3 g6 6.Be3 Bg7 7.f3
Nc6 8.Bc4 O-O 9.Qd2 Bd7 10.O-O-O a6 11.Bb3 b5 12.g4 Nxd4 13.Bxd4
a5 14.h4 a4 15.Bd5 Rc8 16.Kb1 b4 17.Ne2 e6 18.Bb7 Rb8 19.Ba6
b3 20.cxb3 axb3 21.a3 Ra8 22.Bd3 Qb8 23.g5 Nh5 24.Bxg7 Nxg7 25.Nc3
Bc6 26.Bc4 Rd8 27.Qe2 Nh5 28.Qe3 Rc8 29.Be2 Ng3 30.Rhg1 Nxe2
31.Qxe2 Rd8 32.f4 d5 33.exd5 exd5 34.Rg4 d4 ( 34...Bd7 $19 )
35.Ne4 Kg7 36.Nf6 Qb7 37.Rg3 Bb5 {??} 38.Qe5 Bd3+ 39.Rgxd3 Rab8
40.Rxd4 ( 40.Ne8+ Kf8 41.Qh8+ Ke7 42.Re1+ Kd7 43.Qxd4+ Kc6 44.Rc1+
Kb5 45.Qb4+ Ka6 46.Qa4+ Kb6 47.Rxb3# ) Rxd4 41.Qxd4 Rc8 42.Nh5+
Kf8 43.Re1 ( 43.Qh8+ ) f6 44.Qxf6+ Kg8 45.Qe6+ Kf8 46.Qd6+ Kf7
47.Nf6 Rb8 48.Qd5+ Qxd5 49.Nxd5 Rd8 50.Re5 Rc8 51.Re7+ Kg8 52.Nf6+
Kf8 53.Re3 Rc4 54.Rxb3 Rxf4 55.Rh3 Rf1+ 56.Kc2 Rf2+ 57.Kc3 Kg7
58.a4 Rf4 59.b4 h6 60.a5 hxg5 61.hxg5 Rf1 62.Rh7+ Kf8 63.a6 Ra1
64.a7 Ra3+ 65.Kb2 Ra4 66.Rh8+ Kf7 67.a8Q Rxa8 68.Rxa8 Ke6 69.Rc8
Kf5 70.b5 Kxg5 71.b6 Kxf6 72.b7 g5 73.b8Q g4 74.Qf4+ Ke6 75.Qxg4+
Kd5 76.Qd7+ Ke5 77.Re8+ Kf6 78.Qe7+ Kf5 79.Qf7+ Kg5 80.Rg8+ Kh6
81.Qg6# 1-0

[Event "Washington Class Championships"]
[Site "Lynnwood, WA"]
[Date "2016.11.26"]
[Round "3"]
[White "Sinanan Joshua  (WA)"]
[Black "Pupols Viktors  (WA)"]
[Result "1-0"]
[WhiteElo "2241"]
[BlackElo "2200"]
[Annotator ""]
[Source ""]
[Remark "Master"]

1.d4 Nf6 2.c4 c5 3.d5 e5 4.Nc3 d6 5.e4 Be7 6.f4 exf4 7.Bxf4 O-O
8.Nf3 Bg4 9.Qd2 Nh5 10.Be3 Bxf3 11.gxf3 Bh4+ 12.Kd1 f5 13.exf5
Rxf5 14.Bh3 Rf8 15.Kc2 Nd7 16.f4 a6 17.a4 b5 18.axb5 Nb6 19.b3
axb5 20.Nxb5 Qf6 21.Qc3 Qe7 22.Be6+ Kh8 23.Rxa8 Rxa8 24.Ra1 Rb8
25.Ra7 Qd8 26.Bd2 Nf6 27.Qd3 Ra8 28.Rxa8 Nxa8 29.Bc3 Nc7 30.Ba5
Qa8 31.Bxc7 Qa2+ 32.Kc1 Qxh2 33.Bxd6 Qh1+ 34.Kb2 Ne4 35.Be5 Nf2
36.Qc2 Qf3 37.Qf5 Be7 38.Qf7 Nd3+ 39.Ka3 1-0

[Event "Washington Class Championships"]
[Site "Lynnwood, WA"]
[Date "2016.11.26"]
[Round "4"]
[White "Sinanan Joshua  (WA)"]
[Black "Talyansky Seth  (OR)"]
[Result "1-0"]
[WhiteElo "2241"]
[BlackElo "2191"]
[Annotator ""]
[Source ""]
[Remark "Master"]

1.Nf3 d5 2.g3 Nf6 3.Bg2 e6 4.O-O Be7 5.d4 O-O 6.c4 c6 7.Nbd2
Nbd7 8.Qc2 b6 9.e4 Nxe4 10.Nxe4 dxe4 11.Qxe4 Bb7 12.Rd1 Qc7 13.Bf4
Bd6 14.Bxd6 Qxd6 15.c5 Qe7 16.Rac1 Rfd8 17.b4 a5 18.a3 axb4 19.axb4
Ra4 20.Qb1 Rda8 21.h3 b5 22.Ne5 Nb8 23.Be4 g6 24.Bc2 Ra3 25.Bb3
Na6 26.Nd3 Nc7 27.Qb2 Nd5 28.Ra1 Rxa1 29.Rxa1 Qd8 30.Re1 Bc8
31.Kg2 Bd7 32.h4 Qc7 33.Ra1 Qd8 34.Ra3 Be8 35.Rxa8 Qxa8 36.Bxd5
exd5 37.Qe2 Bd7 38.Qe7 Qe8 39.Qxe8+ Bxe8 40.g4 f6 41.g5 h6 42.Kg3
fxg5 43.hxg5 h5 44.Ne5 Kf8 45.Nf3 Ke7 46.Kf4 Ke6 47.Nh4 Bf7 48.Kg3
Be8 49.f4 Kf7 50.f5 gxf5 51.Nxf5 Bd7 52.Nh4 Bg4 53.Kf4 Ke6 54.Ng6
Bf5 55.Ne5 h4 56.Nxc6 h3 57.Kg3 Bg4 58.Ne5 1-0

[Event "Washington Class Championships"]
[Site "Lynnwood, WA"]
[Date "2016.11.26"]
[Round "4"]
[White "Xing Kerry  (WA)"]
[Black "Patterson Roger  (CAN)"]
[Result "1/2-1/2"]
[WhiteElo "2154"]
[BlackElo "2084"]
[Annotator ""]
[Source ""]
[Remark "Expert"]

1.d4 f5 2.Nf3 Nf6 3.g3 g6 4.Bg2 Bg7 5.O-O O-O 6.c4 d6 7.Nc3 Qe8
8.d5 a5 9.Nd4 Na6 10.e4 fxe4 11.Nxe4 Nxe4 12.Bxe4 Bh3 13.Bg2
Bxg2 14.Kxg2 Nc5 15.Be3 e6 16.dxe6 Nxe6 17.Nxe6 Qxe6 18.Qd5 Qf7
19.Rad1 b6 20.Qxf7+ Rxf7 21.Rd2 Re8 22.h4 Re4 23.b3 Bc3 24.Rd3
Bb4 25.f4 Rfe7 26.Kf3 Bc5 27.Bxc5 bxc5 28.Rf2 Re1 29.a4 Kf7 30.Rc2
Rf1+ 31.Rf2 Rg1 32.Rg2 Rb1 33.Re2 Rf1+ 34.Rf2 Rfe1 35.Rc2 h5
36.Rf2 Kf6 37.Rfd2 Re8 38.Rf2 Rg1 39.Rg2 Rxg2 40.Kxg2 Re2+ 41.Kf3
Rb2 42.Ke4 Ke6 43.Kf3 Rc2 44.Re3+ Kf6 45.Rd3 Rc1 46.Ke4 Ke6 47.Kf3
Re1 48.Kf2 Re4 49.Kf3 Rd4 50.Rc3 d5 51.Re3+ Kd6 52.cxd5 Kxd5
53.Re5+ Kd6 54.Rg5 Rb4 55.Rxg6+ Kd5 56.Rg5+ Kd4 57.f5 Rxb3+ 58.Kf4
Rb1 59.Rg7 Rf1+ 60.Kg5 c6 61.Rd7+ Ke5 62.Re7+ Kd5 63.Kxh5 Rxf5+
64.Kg6 Rf3 65.g4 c4 66.h5 c3 67.h6 c2 68.Re1 Kc4 69.h7 Rh3 70.Kg7
Kd3 71.h8Q Rxh8 72.Kxh8 Kd2 73.Rg1 c1Q 74.Rxc1 Kxc1 75.g5 c5
76.g6 c4 77.g7 c3 78.g8Q c2 79.Qb3 Kd2 80.Qd5+ Ke2 81.Qxa5 {?}
( 81.Qb5+ Kd2 82.Qxa5+ Kd1 83.Qc3 {+-} ) c1Q 82.Qb5+ Kf3 83.Qf5+
Kg2 84.a5 Qc3+ 85.Kh7 Qc7+ 86.Kh6 Qb7 87.Qf6 Qc8 88.a6 Qh3+ 89.Kg7
Qd7+ 90.Qf7 Qd4+ 91.Kh7 Qh4+ 92.Kg7 Qd4+ 93.Qf6 Qd7+ 1/2-1/2